|
|
|
|
| LEADER |
00916nab a2200205 i 4500 |
| 001 |
acta81822 |
| 005 |
20230927145444.0 |
| 008 |
230927s1958 hu o 0|| hun d |
| 040 |
|
|
|a SZTE Egyetemi Kiadványok Repozitórium
|b hun
|
| 041 |
|
|
|a hun
|
| 100 |
1 |
|
|a Nagy Ferenc
|
| 245 |
1 |
2 |
|a A szorbinsav felhasználása konzerválószerként
|h [elektronikus dokumentum] /
|c Nagy Ferenc
|
| 260 |
|
|
|a Műszaki Könyvkiadó
|b Budapest
|c 1958
|
| 300 |
|
|
|a 288-291
|
| 490 |
0 |
|
|a Élelmiszervizsgálati közlemények
|v 4 No. 11-12
|
| 650 |
|
4 |
|a Műszaki és technológiai tudományok
|
| 650 |
|
4 |
|a Egyéb műszaki tudományok és technológiák
|
| 650 |
|
4 |
|a Élelmiszer és italfélék
|
| 695 |
|
|
|a Élelmiszervizsgálat - analitikai kémia - módszer, Élelmiszerkémia - módszer, Élelmiszeripari technológia
|
| 856 |
4 |
0 |
|u http://acta.bibl.u-szeged.hu/81822/1/elelmiszervizsgalati_kozlemenyek_1958_11-12_288-291.pdf
|z Dokumentum-elérés
|